| 000 | 00352nam a2200145Ia 4500 | ||
|---|---|---|---|
| 008 | 150201s2000 xx 000 0 und d | ||
| 082 |
_a618.1 _bG00H |
||
| 100 | _aHART,DAVID MACKAY | ||
| 245 | _aGYNAECOLOGY ILLUSTRATED | ||
| 250 | _a5TH | ||
| 260 |
_bJAYPEE BROTHERS _aDELHI _c2000 |
||
| 300 | _a1-443 | ||
| 650 | _aOBST & GYNAECOLOGY | ||
| 942 |
_2ddc _cBK |
||
| 999 |
_c484 _d484 |
||